| 000 | 00608nam a2200229 a 4500 | ||
|---|---|---|---|
| 001 | BRL_1933 | ||
| 005 | 20190320211436.0 | ||
| 008 | 190815s1989----enko######---#000-0#eng-# | ||
| 020 | _a1851702962 | ||
| 041 | _aeng | ||
| 044 | _aenk | ||
| 050 | 4 |
_aNK8987 _b.S67 1989 |
|
| 100 | 1 |
_aSpring, Christopher _928266 |
|
| 245 | 1 | 0 |
_aAfrican textiles _cChristopher Spring. |
| 260 |
_aLondon _bBracken Books _c1989 |
||
| 300 |
_a8 p., 40 láminas _bil., láminas _c38 cm. |
||
| 500 | _aAu1849 | ||
| 650 | 1 | 4 |
_aTelas _zÁfrica _926663 |
| 650 | 1 | 4 |
_aDiseño textil _zÁfrica _928267 |
| 902 | _aGRL | ||
| 942 |
_2lcc _cB |
||
| 999 |
_c10741 _d10741 |
||